000 00855cam a2200229 i 4500
005 20260120120452.0
008 250721s1999 jo gr 000 0 ara d
041 1 _aara
_hing
082 1 4 _a327.565
_bز ا ك
100 1 _aزاك، موشيه
_eمؤلف.
245 1 2 _aالحسين والسلام :
_bالعلاقات الأردنية _ الإسرائيلية /
_cتاليف موشيه زاك ؛ ترجمة دار الجليل.
264 3 1 _aعمان :
_bدار الجليل،
_c1999.
300 _a563 صفحة.
650 1 7 _aالعلاقات الدولية.
650 1 7 _aالسلام.
650 1 7 _aالسلام العربي الإسرائيلي.
650 1 7 _aالأردن.
650 1 7 _aإسرائيل.
650 1 7 _aالنزاع العربي الإسرائيلي.
942 _2ddc
_cBK
999 _c86376
_d86376